书目信息 |
| 题名: |
如故
|
|
| 作者: | 猫耳FM 主编 | |
| 分册: | ||
| 出版信息: | 南昌 江西科学技术出版社 2020.3 |
|
| 页数: | 87页 | |
| 开本: | 24cm | |
| 丛书名: | ||
| 单 册: | ||
| 中图分类: | J827 | |
| 科图分类: | ||
| 主题词: | 广播剧--介绍--中国--现代 | |
| 电子资源: | ||
| ISBN: | 978-7-5390-7224-1 | |
| 000 | 00904nam0 2200229 45 | |
| 001 | 012001001021 | |
| 005 | 20130910124654.0 | |
| 010 | @a978-7-5390-7224-1@b精装@dCNY198.00 | |
| 100 | @a20200331d2020 em y0chiy0110 ea | |
| 101 | 0 | @achi |
| 102 | @aCN@b360000 | |
| 105 | @ay z 000yy | |
| 106 | @ar | |
| 200 | 1 | @a如故@Aru gu@f猫耳FM主编 |
| 210 | @a南昌@c江西科学技术出版社@d2020.3 | |
| 215 | @a87页@d24cm | |
| 330 | @a本书将猫耳FM平台上的广播剧《如故》大部分剧情海报集结成剧情画册,讲述了主人公在外打拼十三载后,回归故里,报效家乡的一系列励志故事。全书采用四色印刷,以图配文的形式呈现,图文并茂,一幅图对映一个场景,制作精美。本书充满正能量,适合14-30岁的青少年人尤其是猫耳FM平台听众阅读使用,对青少年成长具有很好的激励作用。 | |
| 606 | 0 | @a广播剧@x介绍@y中国@z现代 |
| 690 | @aJ827@v5 | |
| 701 | 0 | @a猫耳FM@Amao er F M@4主编 |
| 801 | @aCN@b江苏凤凰@c20211018 | |
| 905 | @b1341902-4@dJ827@e223@f3 | |
| 如故/猫耳FM主编.-南昌:江西科学技术出版社,2020.3 |
| 87页;24cm |
| ISBN 978-7-5390-7224-1(精装):CNY198.00 |
| 本书将猫耳FM平台上的广播剧《如故》大部分剧情海报集结成剧情画册,讲述了主人公在外打拼十三载后,回归故里,报效家乡的一系列励志故事。全书采用四色印刷,以图配文的形式呈现,图文并茂,一幅图对映一个场景,制作精美。本书充满正能量,适合14-30岁的青少年人尤其是猫耳FM平台听众阅读使用,对青少年成长具有很好的激励作用。 |
| ● |
| 相关链接 |
|
|
|
|
正题名:如故
索取号:J827/223
 
预约/预借
| 序号 | 登录号 | 条形码 | 馆藏地/架位号 | 状态 | 备注 |
| 1 | 1341902 | 213419022 | 第一样本阅览室/ [索取号:J827/223] | 在馆 | |
| 2 | 1341903 | 213419031 | 第一借阅区/ [索取号:J827/223] | 在馆 | |
| 3 | 1341904 | 213419040 | 第一借阅区/ [索取号:J827/223] | 在馆 |